Normal view
MARC view
Entry Topical Term
001 - CONTROL NUMBER
- control field: 37824
003 - CONTROL NUMBER IDENTIFIER
- control field: OSt
005 - DATE AND TIME OF LATEST TRANSACTION
- control field: 20230421151453.0
008 - FIXED-LENGTH DATA ELEMENTS
- fixed length control field: 230421|| aca||aabn | a|a d
040 ## - CATALOGING SOURCE
- Original cataloging agency: OSt
- Transcribing agency: OSt
150 ## - HEADING--TOPICAL TERM
- Topical term or geographic name entry element: Bihar Land, Bonded labour, Social power, Local narrative.
670 ## - SOURCE DATA FOUND
- Source citation: Work cat.: (OSt): Mishra, Rapti 37823, Land and social power relations in Bihar: Tale of two villages
